[Event "Winnipeg TNT June op"]
[Site "Winnipeg CAN"]
[Date "2008.06.03"]
[Round "1"]
[White "Letain, Cory"]
[Black "Lauritson, Jim"]
[Result "0-1"]
[WhiteElo "1502"]
[BlackElo "1941"]
[PlyCount "57"]
[GameId "2160767910354475"]
[EventDate "2008.06.03"]
[EventType "swiss"]
[EventRounds "4"]
[EventCountry "CAN"]
[SourceTitle "EXT 2011"]
[Source "ChessBase"]
[SourceDate "2011.11.26"]
[SourceVersion "1"]
[SourceVersionDate "2011.11.26"]
[SourceQuality "1"]

1. d4 Nf6 2. c4 e6 3. Nf3 b6 4. a3 Bb7 5. Nc3 Be7 6. e3 d6 7. d5 e5 8. e4 a5 9. Be2 Na6 10. Be3 O-O 11. h3 g6 12. O-O Ne8 13. Bh6 Ng7 14. Qc2 f5 15. exf5 gxf5 16. Bxg7 Kxg7 17. Nd2 Qe8 18. f3 Qg6 19. g4 Qh6 20. Rf2 Bg5 21. Nf1 Nc5 22. Ng3 Be3 23. Nxf5+ Rxf5 24. Qxf5 Qxh3 25. Ne4 Rf8 26. Qh5 Qxh5 27. gxh5 Nxe4 28. fxe4 Rxf2 29. Bg4 0-1

[Event "Winnipeg TNT June op"]
[Site "Winnipeg CAN"]
[Date "2008.06.03"]
[Round "1"]
[White "Mundwiler, Les"]
[Black "Evans, Brian"]
[Result "1-0"]
[WhiteElo "2057"]
[BlackElo "1508"]
[PlyCount "43"]
[GameId "2160767910354476"]
[EventDate "2008.06.03"]
[EventType "swiss"]
[EventRounds "4"]
[EventCountry "CAN"]
[SourceTitle "EXT 2011"]
[Source "ChessBase"]
[SourceDate "2011.11.26"]
[SourceVersion "1"]
[SourceVersionDate "2011.11.26"]
[SourceQuality "1"]

1. c4 Nf6 2. Nc3 e6 3. g3 d5 4. Bg2 c6 5. d4 dxc4 6. Nf3 Bb4 7. O-O Bxc3 8. bxc3 Nd5 9. Qc2 f6 10. e4 Ne7 11. Ba3 O-O 12. Rad1 Rf7 13. Nd2 b5 14. Bxe7 Rxe7 15. d5 exd5 16. exd5 cxd5 17. Nxc4 Bb7 18. Ne3 Rd7 19. Nxd5 Bxd5 20. Bxd5+ Rxd5 21. Qb3 Na6 22. Rxd5 1-0

[Event "Winnipeg TNT June op"]
[Site "Winnipeg CAN"]
[Date "2008.06.03"]
[Round "1"]
[White "Rutter, Blair"]
[Black "Vincent, Trevor"]
[Result "0-1"]
[WhiteElo "1870"]
[BlackElo "2201"]
[PlyCount "48"]
[GameId "2160767910354477"]
[EventDate "2008.06.03"]
[EventType "swiss"]
[EventRounds "4"]
[EventCountry "CAN"]
[SourceTitle "EXT 2011"]
[Source "ChessBase"]
[SourceDate "2011.11.26"]
[SourceVersion "1"]
[SourceVersionDate "2011.11.26"]
[SourceQuality "1"]

1. d4 f5 2. c4 Nf6 3. Nc3 e6 4. Nf3 Bb4 5. Bd2 b6 6. g3 Bb7 7. Bg2 O-O 8. O-O d6 9. Qb3 Bxc3 10. bxc3 Qe7 11. Rad1 Ne4 12. Bc1 Nc6 13. a4 Na5 14. Qc2 Nxc4 15. Ne1 c5 16. Nd3 Rac8 17. f3 Nf6 18. Nf4 cxd4 19. Rd3 e5 20. Nh3 Nd5 21. Re1 Kh8 22. Ng5 Nce3 23. Rxe3 dxe3 24. Bb2 Qxg5 0-1

[Event "Winnipeg TNT June op"]
[Site "Winnipeg CAN"]
[Date "2008.06.10"]
[Round "2"]
[White "Bince, Rolando"]
[Black "Wiebe, Daniel"]
[Result "0-1"]
[WhiteElo "1922"]
[BlackElo "1830"]
[PlyCount "76"]
[GameId "2160767910354478"]
[EventDate "2008.06.03"]
[EventType "swiss"]
[EventRounds "4"]
[EventCountry "CAN"]
[SourceTitle "EXT 2011"]
[Source "ChessBase"]
[SourceDate "2011.11.26"]
[SourceVersion "1"]
[SourceVersionDate "2011.11.26"]
[SourceQuality "1"]

1. e4 e5 2. f4 exf4 3. Nf3 d5 4. exd5 Bd6 5. Bb5+ Bd7 6. Qe2+ Qe7 7. Qxe7+ Nxe7 8. Bxd7+ Nxd7 9. c4 a6 10. d4 Ng6 11. Nc3 O-O-O 12. Bd2 Bb4 13. O-O-O Bxc3 14. bxc3 b5 15. Ng5 Rdf8 16. cxb5 axb5 17. h4 h6 18. Ne4 f5 19. Nc5 Nxc5 20. dxc5 h5 21. a4 bxa4 22. Kc2 Re8 23. Rde1 Re4 24. Rxe4 fxe4 25. c4 Re8 26. Rh3 e3 27. Bc3 Ne5 28. Rh1 Nxc4 29. Ra1 e2 30. Rxa4 Ne3+ 31. Kd2 e1=Q+ 32. Kxe1 Nxd5+ 33. Kd2 Re2+ 34. Kd3 Re3+ 35. Kd2 Rxc3 36. Rd4 Rxc5 37. Kd3 Kd7 38. Ke4 Ke6 0-1

[Event "Winnipeg TNT June op"]
[Site "Winnipeg CAN"]
[Date "2008.06.10"]
[Round "2"]
[White "Evans, Brian"]
[Black "Gibbons, Lorne"]
[Result "1-0"]
[WhiteElo "1508"]
[BlackElo "1191"]
[PlyCount "39"]
[GameId "2160767910354479"]
[EventDate "2008.06.03"]
[EventType "swiss"]
[EventRounds "4"]
[EventCountry "CAN"]
[SourceTitle "EXT 2011"]
[Source "ChessBase"]
[SourceDate "2011.11.26"]
[SourceVersion "1"]
[SourceVersionDate "2011.11.26"]
[SourceQuality "1"]

1. e4 e5 2. Nf3 d6 3. d4 Qf6 4. dxe5 dxe5 5. Bg5 Qd6 6. Nc3 Qxd1+ 7. Rxd1 f6 8. Be3 Bb4 9. Rd3 Bg4 10. Be2 Bh5 11. O-O Bxc3 12. Rxc3 c6 13. h3 Ne7 14. g4 Bf7 15. Bc5 Ng6 16. Nd2 Nf4 17. Re1 Nxh3+ 18. Rxh3 b6 19. Be3 c5 20. Bb5+ 1-0

[Event "Winnipeg TNT June op"]
[Site "Winnipeg CAN"]
[Date "2008.06.10"]
[Round "2"]
[White "Gibson, Fred"]
[Black "Green, Aaron"]
[Result "0-1"]
[WhiteElo "1325"]
[BlackElo "1676"]
[PlyCount "57"]
[GameId "2160767910354480"]
[EventDate "2008.06.03"]
[EventType "swiss"]
[EventRounds "4"]
[EventCountry "CAN"]
[SourceTitle "EXT 2011"]
[Source "ChessBase"]
[SourceDate "2011.11.26"]
[SourceVersion "1"]
[SourceVersionDate "2011.11.26"]
[SourceQuality "1"]

1. e4 c5 2. Nc3 d6 3. f4 Nc6 4. Nf3 g6 5. Bb5 Bd7 6. d3 a6 7. Ba4 b5 8. Bb3 Na5 9. Bd5 Bc6 10. Bxc6+ Nxc6 11. O-O Bg7 12. Be3 Nf6 13. h3 Nd7 14. Qd2 b4 15. Na4 Qa5 16. Nxc5 dxc5 17. e5 Nb6 18. c3 Rd8 19. Qc2 bxc3 20. bxc3 O-O 21. Rfd1 Nd5 22. Bd2 Qb6 23. Rab1 Qa7 24. Be1 Nxf4 25. Bg3 Nd5 26. Re1 e6 27. Re4 Rb8 28. Bf2 Rxb1+ 29. Qxb1 0-1

[Event "Winnipeg TNT June op"]
[Site "Winnipeg CAN"]
[Date "2008.06.10"]
[Round "2"]
[White "Klokow, John"]
[Black "Greenberg, Harley"]
[Result "0-1"]
[WhiteElo "1760"]
[BlackElo "1700"]
[PlyCount "68"]
[GameId "2160767910354481"]
[EventDate "2008.06.03"]
[EventType "swiss"]
[EventRounds "4"]
[EventCountry "CAN"]
[SourceTitle "EXT 2011"]
[Source "ChessBase"]
[SourceDate "2011.11.26"]
[SourceVersion "1"]
[SourceVersionDate "2011.11.26"]
[SourceQuality "1"]

1. e4 c5 2. Nf3 Nc6 3. d4 cxd4 4. Nxd4 Nf6 5. Nc3 e5 6. Ndb5 d6 7. Bg5 a6 8. Na3 b5 9. Nd5 Be7 10. Bxf6 Bxf6 11. c3 O-O 12. Bd3 Ne7 13. Nxf6+ gxf6 14. Nc2 d5 15. Qf3 Qd6 16. exd5 f5 17. Qg3+ Kh8 18. O-O-O Rg8 19. Qh4 e4 20. Be2 Bd7 21. Ne3 f4 22. Ng4 Bxg4 23. Bxg4 f5 24. Bh5 Rxg2 25. Bf7 f3 26. Be6 Rf8 27. Rdg1 Ng6 28. Qh6 Qf4+ 29. Qxf4 Nxf4 30. Rf1 Rxf2 31. Rxf2 Nd3+ 32. Kd2 Nxf2 33. Rg1 Ng4 34. Rxg4 fxg4 0-1

[Event "Winnipeg TNT June op"]
[Site "Winnipeg CAN"]
[Date "2008.06.10"]
[Round "2"]
[White "Kuropatwa, Darren"]
[Black "Letain, Cory"]
[Result "0-1"]
[WhiteElo "1139"]
[BlackElo "1502"]
[PlyCount "40"]
[GameId "2160767910354482"]
[EventDate "2008.06.03"]
[EventType "swiss"]
[EventRounds "4"]
[EventCountry "CAN"]
[SourceTitle "EXT 2011"]
[Source "ChessBase"]
[SourceDate "2011.11.26"]
[SourceVersion "1"]
[SourceVersionDate "2011.11.26"]
[SourceQuality "1"]

1. e4 e5 2. g3 Nf6 3. d3 Bc5 4. Nf3 Ng4 5. d4 Bb6 6. h3 Nf6 7. Nxe5 d6 8. Nf3 Nxe4 9. Qe2 O-O 10. Qxe4 Re8 11. Ne5 dxe5 12. dxe5 Nc6 13. Bd3 Rxe5 14. O-O Rxe4 15. Bxe4 Bxh3 16. Re1 Qf6 17. Nc3 Qxf2+ 18. Kh1 Qxe1+ 19. Kh2 Bg4 20. a4 Qg1# 0-1

[Event "Winnipeg TNT June op"]
[Site "Winnipeg CAN"]
[Date "2008.06.10"]
[Round "2"]
[White "Lauritson, Jim"]
[Black "Babb, Jeff"]
[Result "1-0"]
[WhiteElo "1941"]
[BlackElo "2177"]
[PlyCount "111"]
[GameId "2160767910354483"]
[EventDate "2008.06.03"]
[EventType "swiss"]
[EventRounds "4"]
[EventCountry "CAN"]
[SourceTitle "EXT 2011"]
[Source "ChessBase"]
[SourceDate "2011.11.26"]
[SourceVersion "1"]
[SourceVersionDate "2011.11.26"]
[SourceQuality "1"]

1. d4 Nf6 2. c4 e6 3. Nc3 Bb4 4. Qc2 c5 5. dxc5 O-O 6. Nf3 Nc6 7. e3 Bxc5 8. a3 a5 9. Bd3 Qc7 10. O-O Ne5 11. Be2 Nfg4 12. Nxe5 Nxe5 13. Qe4 f5 14. Nb5 Qb8 15. Qf4 b6 16. Bd2 Ng6 17. Qxb8 Rxb8 18. b4 axb4 19. axb4 Be7 20. Bc3 Bb7 21. Ra7 f4 22. e4 Bxe4 23. Rxd7 Bc6 24. Rc7 Bxb5 25. cxb5 Rfc8 26. Rc6 Kf7 27. Bc4 Rxc6 28. bxc6 b5 29. Bxb5 Bf6 30. Bxf6 Kxf6 31. c7 Ra8 32. Rc1 Ne7 33. Bd7 Ke5 34. c8=Q Nxc8 35. Bxc8 Rb8 36. Rc4 Kd5 37. Ba6 Rb6 38. Rc5+ Kd6 39. Bb5 e5 40. f3 g5 41. Kf2 h5 42. Ke2 g4 43. Kd3 Rb8 44. Ke4 g3 45. h3 Ra8 46. Rd5+ Kc7 47. Rxe5 Ra2 48. Kxf4 Rxg2 49. Rxh5 Rb2 50. Kxg3 Rxb4 51. f4 Kd6 52. Re5 Rb1 53. Be2 Rg1+ 54. Kh4 Rg2 55. Bg4 Rf2 56. Kg5 1-0

[Event "Winnipeg TNT June op"]
[Site "Winnipeg CAN"]
[Date "2008.06.10"]
[Round "2"]
[White "Nikouline, Alexandre"]
[Black "Kernetsky, Myron"]
[Result "0-1"]
[WhiteElo "2135"]
[BlackElo "1924"]
[PlyCount "63"]
[GameId "2160767910354484"]
[EventDate "2008.06.03"]
[EventType "swiss"]
[EventRounds "4"]
[EventCountry "CAN"]
[SourceTitle "EXT 2011"]
[Source "ChessBase"]
[SourceDate "2011.11.26"]
[SourceVersion "1"]
[SourceVersionDate "2011.11.26"]
[SourceQuality "1"]

1. e4 e6 2. d4 d5 3. Nc3 Nf6 4. Bg5 Be7 5. Bxf6 Bxf6 6. e5 Be7 7. Qg4 O-O 8. Bd3 f5 9. exf6 Rxf6 10. Qe2 c5 11. dxc5 Bxc5 12. Nf3 Nc6 13. a3 a6 14. O-O-O Bd7 15. Ng5 h6 16. Nf3 Qf8 17. h4 Rc8 18. Ng5 Bxa3 19. Nce4 Bxb2+ 20. Kxb2 Qb4+ 21. Kc1 dxe4 22. Nxe4 Rff8 23. Bc4 Ne5 24. Ba2 Qa3+ 25. Kb1 Qb4+ 26. Ka1 Qa4 27. c3 Bb5 28. Qe3 Bc4 29. Rd2 Rfd8 30. Rhd1 Rxd2 31. Rxd2 Bxa2 32. Rxa2 0-1

[Event "Winnipeg TNT June op"]
[Site "Winnipeg CAN"]
[Date "2008.06.10"]
[Round "2"]
[White "Vincent, Trevor"]
[Black "Mundwiler, Les"]
[Result "1-0"]
[WhiteElo "2201"]
[BlackElo "2057"]
[PlyCount "61"]
[GameId "2160767910354485"]
[EventDate "2008.06.03"]
[EventType "swiss"]
[EventRounds "4"]
[EventCountry "CAN"]
[SourceTitle "EXT 2011"]
[Source "ChessBase"]
[SourceDate "2011.11.26"]
[SourceVersion "1"]
[SourceVersionDate "2011.11.26"]
[SourceQuality "1"]

1. c4 e5 2. g3 Nc6 3. Bg2 g6 4. Nc3 Bg7 5. e4 d6 6. Nge2 Be6 7. d3 Qd7 8. Nd5 Nd8 9. f4 c6 10. Ne3 f5 11. exf5 gxf5 12. d4 e4 13. d5 cxd5 14. cxd5 Bf7 15. Nd4 Nh6 16. Bh3 Bg6 17. Nexf5 Kf8 18. Ne6+ Nxe6 19. Nxh6 Qb5 20. dxe6 Ke7 21. f5 Bf6 22. fxg6 hxg6 23. Qe2 Qb4+ 24. Kf1 Raf8 25. Kg2 e3 26. Bg4 Rxh6 27. Bxe3 Rhh8 28. Rac1 Qa5 29. b4 Qxb4 30. Rc7+ Ke8 31. e7 1-0

[Event "Winnipeg TNT June op"]
[Site "Winnipeg CAN"]
[Date "2008.06.17"]
[Round "3"]
[White "Evans, Brian"]
[Black "Gibson, Fred"]
[Result "1-0"]
[WhiteElo "1508"]
[BlackElo "1325"]
[PlyCount "69"]
[GameId "2160767910354486"]
[EventDate "2008.06.03"]
[EventType "swiss"]
[EventRounds "4"]
[EventCountry "CAN"]
[SourceTitle "EXT 2011"]
[Source "ChessBase"]
[SourceDate "2011.11.26"]
[SourceVersion "1"]
[SourceVersionDate "2011.11.26"]
[SourceQuality "1"]

1. e4 d6 2. d4 Nf6 3. Nc3 g6 4. Be2 Bg7 5. Nf3 O-O 6. O-O Ng4 7. h3 Nh6 8. Be3 f5 9. Qd2 Nf7 10. Bc4 e6 11. exf5 d5 12. Bb3 exf5 13. Bxd5 c6 14. Bb3 Qd6 15. Ng5 Na6 16. Nxf7 Rxf7 17. Bxf7+ Kxf7 18. Ne2 Be6 19. b3 Rb8 20. Bh6 Bf6 21. Rad1 Rg8 22. Bf4 Qd7 23. Be5 Nc7 24. Bxf6 Kxf6 25. c4 g5 26. f3 f4 27. Nc3 Rg6 28. Ne4+ Kf7 29. Nc5 Qc8 30. Nxe6 Nxe6 31. d5 cxd5 32. Qxd5 Qc5+ 33. Qxc5 Nxc5 34. b4 Na4 35. Rd7+ 1-0

[Event "Winnipeg TNT June op"]
[Site "Winnipeg CAN"]
[Date "2008.06.17"]
[Round "3"]
[White "Green, Aaron"]
[Black "Rutter, Blair"]
[Result "0-1"]
[WhiteElo "1676"]
[BlackElo "1870"]
[PlyCount "58"]
[GameId "2160767910354487"]
[EventDate "2008.06.03"]
[EventType "swiss"]
[EventRounds "4"]
[EventCountry "CAN"]
[SourceTitle "EXT 2011"]
[Source "ChessBase"]
[SourceDate "2011.11.26"]
[SourceVersion "1"]
[SourceVersionDate "2011.11.26"]
[SourceQuality "1"]

1. e4 e6 2. d4 d5 3. Nd2 Nf6 4. e5 Nfd7 5. Ngf3 c5 6. c3 Nc6 7. Bb5 Qb6 8. Bxc6 bxc6 9. O-O cxd4 10. cxd4 c5 11. Nb3 cxd4 12. Nbxd4 Bc5 13. Re1 Ba6 14. Rb1 Bxd4 15. Nxd4 Rc8 16. b3 Nc5 17. Re3 Ne4 18. Bb2 O-O 19. Qh5 Qa5 20. Rh3 h6 21. f3 Qxa2 22. Re1 Qxb2 23. fxe4 Qxd4+ 24. Kh1 Qf2 25. Ra1 Be2 26. Qh4 Qxh4 27. Rxh4 d4 28. Rh3 d3 29. Re3 d2 0-1

[Event "Winnipeg TNT June op"]
[Site "Winnipeg CAN"]
[Date "2008.06.17"]
[Round "3"]
[White "Greenberg, Harley"]
[Black "Lauritson, Jim"]
[Result "0-1"]
[WhiteElo "1700"]
[BlackElo "1941"]
[PlyCount "51"]
[GameId "2160767910354488"]
[EventDate "2008.06.03"]
[EventType "swiss"]
[EventRounds "4"]
[EventCountry "CAN"]
[SourceTitle "EXT 2011"]
[Source "ChessBase"]
[SourceDate "2011.11.26"]
[SourceVersion "1"]
[SourceVersionDate "2011.11.26"]
[SourceQuality "1"]

1. d4 Nf6 2. c4 g6 3. Nf3 b6 4. g3 Ba6 5. Qb3 c5 6. Bg2 Nc6 7. Qc3 cxd4 8. Qd3 e5 9. Nxe5 Nxe5 10. Qxd4 Nc6 11. Qf4 Rc8 12. O-O Be7 13. a3 Na5 14. Nd2 Nxc4 15. b3 Nxd2 16. Bxd2 O-O 17. Qa4 Bxe2 18. Rfe1 Bb5 19. Qxa7 Rc2 20. Be3 Bc5 21. Rac1 Rxc1 22. Rxc1 Bxe3 23. fxe3 Ng4 24. Bf3 Qg5 25. Qxb6 Bd3 26. Rf1 0-1

[Event "Winnipeg TNT June op"]
[Site "Winnipeg CAN"]
[Date "2008.06.17"]
[Round "3"]
[White "Kernetsky, Myron"]
[Black "Vincent, Trevor"]
[Result "0-1"]
[WhiteElo "1924"]
[BlackElo "2201"]
[PlyCount "62"]
[GameId "2160767910354489"]
[EventDate "2008.06.03"]
[EventType "swiss"]
[EventRounds "4"]
[EventCountry "CAN"]
[SourceTitle "EXT 2011"]
[Source "ChessBase"]
[SourceDate "2011.11.26"]
[SourceVersion "1"]
[SourceVersionDate "2011.11.26"]
[SourceQuality "1"]

1. d4 f5 2. g3 Nf6 3. Bg2 e6 4. Nf3 d5 5. c4 c6 6. Nbd2 Bd6 7. e3 Nbd7 8. O-O b6 9. Rb1 Qe7 10. Qa4 Bb7 11. b4 O-O 12. Qb3 a5 13. c5 Bc7 14. a3 Ba6 15. Re1 bxc5 16. bxc5 e5 17. h3 e4 18. Nh2 g5 19. Bf1 Bc8 20. Bg2 a4 21. Qc2 f4 22. exf4 gxf4 23. Ndf1 Qg7 24. Bxf4 Bxf4 25. gxf4 Nh5 26. Qd2 Nxf4 27. f3 exf3 28. Nxf3 Nxh3+ 29. Kh2 Rxf3 30. Bxh3 Rxh3+ 31. Kxh3 Ne5+ 0-1

[Event "Winnipeg TNT June op"]
[Site "Winnipeg CAN"]
[Date "2008.06.17"]
[Round "3"]
[White "Klokow, John"]
[Black "Kuropatwa, Darren"]
[Result "1-0"]
[WhiteElo "1760"]
[BlackElo "1139"]
[PlyCount "45"]
[GameId "2160767910354490"]
[EventDate "2008.06.03"]
[EventType "swiss"]
[EventRounds "4"]
[EventCountry "CAN"]
[SourceTitle "EXT 2011"]
[Source "ChessBase"]
[SourceDate "2011.11.26"]
[SourceVersion "1"]
[SourceVersionDate "2011.11.26"]
[SourceQuality "1"]

1. e4 c5 2. Nf3 d6 3. d4 cxd4 4. Nxd4 e5 5. Nb3 Nf6 6. Nc3 g6 7. Bg5 Bg7 8. Bb5+ Bd7 9. Qxd6 Bxb5 10. Qxe5+ Qe7 11. Qxe7+ Kxe7 12. Nxb5 h6 13. Bxf6+ Bxf6 14. Nc7 Bxb2 15. Rd1 Bc3+ 16. Ke2 Nc6 17. Nd5+ Ke6 18. Nxc3 Rac8 19. Nd5 Ne5 20. Nd4+ Kd6 21. f4 Rxc2+ 22. Nxc2 Ng4 23. Nf6+ 1-0

[Event "Winnipeg TNT June op"]
[Site "Winnipeg CAN"]
[Date "2008.06.17"]
[Round "3"]
[White "Letain, Cory"]
[Black "Nikouline, Alexandre"]
[Result "0-1"]
[WhiteElo "1502"]
[BlackElo "2135"]
[PlyCount "46"]
[GameId "2160767910354491"]
[EventDate "2008.06.03"]
[EventType "swiss"]
[EventRounds "4"]
[EventCountry "CAN"]
[SourceTitle "EXT 2011"]
[Source "ChessBase"]
[SourceDate "2011.11.26"]
[SourceVersion "1"]
[SourceVersionDate "2011.11.26"]
[SourceQuality "1"]

1. d4 e6 2. c4 Nf6 3. Nf3 b6 4. a3 Bb7 5. Nc3 d5 6. e3 Be7 7. Bd3 O-O 8. O-O c5 9. Qc2 dxc4 10. Bxc4 Bxf3 11. gxf3 cxd4 12. Ne4 Nc6 13. Kh1 Ne5 14. Nxf6+ Bxf6 15. Bd3 Rc8 16. Bxh7+ Kh8 17. Qe4 g6 18. exd4 Nc6 19. Bxg6 fxg6 20. Qxg6 Qe7 21. Bf4 Qh7 22. Qg4 Nxd4 23. Rae1 Rg8 0-1

[Event "Winnipeg TNT June op"]
[Site "Winnipeg CAN"]
[Date "2008.06.17"]
[Round "3"]
[White "Mundwiler, Les"]
[Black "Bince, Rolando"]
[Result "0-1"]
[WhiteElo "2057"]
[BlackElo "1922"]
[PlyCount "76"]
[GameId "2160767910354492"]
[EventDate "2008.06.03"]
[EventType "swiss"]
[EventRounds "4"]
[EventCountry "CAN"]
[SourceTitle "EXT 2011"]
[Source "ChessBase"]
[SourceDate "2011.11.26"]
[SourceVersion "1"]
[SourceVersionDate "2011.11.26"]
[SourceQuality "1"]

1. d4 Nf6 2. c4 c5 3. dxc5 Qa5+ 4. Nd2 e6 5. Ngf3 Bxc5 6. e3 b6 7. Be2 Bb7 8. O-O O-O 9. a3 Be7 10. b4 Qh5 11. Bb2 Qh6 12. Ne5 d6 13. Bf3 d5 14. Rc1 Bd6 15. c5 bxc5 16. bxc5 Bc7 17. c6 Nxc6 18. Rxc6 Bxc6 19. Qa1 Rfc8 20. h4 Ba4 21. Rc1 Bxe5 22. Bxe5 Nd7 23. Bd4 Nb6 24. Qb2 Qg6 25. Rc3 f6 26. e4 Rxc3 27. Qxc3 Qe8 28. Qa5 Bc6 29. e5 f5 30. Be2 Qb8 31. Qc5 Qc7 32. Qa5 Rc8 33. Ba6 Bb7 34. Bd3 Nc4 35. Qc3 Nxd2 36. Qxd2 Qc1+ 37. Qxc1 Rxc1+ 38. Kh2 Rd1 0-1

[Event "Winnipeg TNT June op"]
[Site "Winnipeg CAN"]
[Date "2008.06.17"]
[Round "3"]
[White "Wiebe, Daniel"]
[Black "Babb, Jeff"]
[Result "0-1"]
[WhiteElo "1830"]
[BlackElo "2177"]
[PlyCount "98"]
[GameId "2160767910354493"]
[EventDate "2008.06.03"]
[EventType "swiss"]
[EventRounds "4"]
[EventCountry "CAN"]
[SourceTitle "EXT 2011"]
[Source "ChessBase"]
[SourceDate "2011.11.26"]
[SourceVersion "1"]
[SourceVersionDate "2011.11.26"]
[SourceQuality "1"]

1. e4 e5 2. Nf3 Nc6 3. Bc4 Bc5 4. Nc3 Nf6 5. a3 d6 6. d3 a6 7. Be3 Nd4 8. Bxd4 exd4 9. Nd5 c6 10. Nf4 O-O 11. O-O Qc7 12. Ne2 Bg4 13. Ng3 Nd7 14. h3 Bxf3 15. Qxf3 Ne5 16. Qh5 Nxc4 17. dxc4 Rae8 18. Kh1 g6 19. Qh6 f6 20. f4 Qg7 21. Qxg7+ Kxg7 22. h4 Rf7 23. f5 b5 24. cxb5 axb5 25. fxg6 hxg6 26. Rf4 Re5 27. Rg4 Kh6 28. Rf1 d5 29. exd5 Rxd5 30. Re4 Bd6 31. Ne2 Re7 32. Rxe7 Bxe7 33. Rd1 c5 34. c3 Re5 35. Rd2 d3 36. Nf4 Re1+ 37. Kh2 Bd6 38. Kg3 c4 39. Kf2 Re4 40. Nxd3 cxd3 41. Rxd3 Bc5+ 42. Kf3 Rxh4 43. Rd5 Rh5 44. Rxh5+ Kxh5 45. Ke2 Kg4 46. Kd3 f5 47. b4 Ba7 48. c4 bxc4+ 49. Kxc4 Kg3 0-1

[Event "Winnipeg TNT June op"]
[Site "Winnipeg CAN"]
[Date "2008.06.24"]
[Round "4"]
[White "Babb, Jeff"]
[Black "Kernetsky, Myron"]
[Result "0-1"]
[WhiteElo "2177"]
[BlackElo "1924"]
[PlyCount "61"]
[GameId "2160767910354494"]
[EventDate "2008.06.03"]
[EventType "swiss"]
[EventRounds "4"]
[EventCountry "CAN"]
[SourceTitle "EXT 2011"]
[Source "ChessBase"]
[SourceDate "2011.11.26"]
[SourceVersion "1"]
[SourceVersionDate "2011.11.26"]
[SourceQuality "1"]

1. e4 e6 2. d3 d5 3. Nd2 c5 4. Ngf3 Nf6 5. g3 Nc6 6. Bg2 Be7 7. O-O O-O 8. Re1 Rb8 9. e5 Nd7 10. Nf1 b5 11. h4 a5 12. N1h2 b4 13. Bf4 Nd4 14. Nxd4 cxd4 15. Nf3 Qb6 16. Ng5 Qc5 17. Bh3 Rb6 18. Qd2 Rc6 19. Re2 Ba6 20. Nf3 Rfc8 21. Bg5 Bf8 22. h5 Qxc2 23. Nxd4 Qxd2 24. Rxd2 Rc1+ 25. Rxc1 Rxc1+ 26. Kg2 Rc7 27. Bd8 Rc1 28. Nxe6 Nxe5 29. Nf4 a4 30. Re2 Nxd3 31. Bd7 0-1

[Event "Winnipeg TNT June op"]
[Site "Winnipeg CAN"]
[Date "2008.06.24"]
[Round "4"]
[White "Gibbons, Lorne"]
[Black "Kuropatwa, Darren"]
[Result "0-1"]
[WhiteElo "1191"]
[BlackElo "1139"]
[PlyCount "67"]
[GameId "2160767910354495"]
[EventDate "2008.06.03"]
[EventType "swiss"]
[EventRounds "4"]
[EventCountry "CAN"]
[SourceTitle "EXT 2011"]
[Source "ChessBase"]
[SourceDate "2011.11.26"]
[SourceVersion "1"]
[SourceVersionDate "2011.11.26"]
[SourceQuality "1"]

1. d4 Nf6 2. c4 g6 3. Nc3 Bg7 4. Bf4 O-O 5. Nf3 d6 6. e4 b6 7. Be2 c5 8. d5 Bb7 9. Qd2 Na6 10. a3 Nc7 11. O-O-O Qd7 12. h3 Rab8 13. g4 Nce8 14. g5 Nh5 15. Be3 f6 16. h4 a6 17. Rdg1 Nc7 18. a4 b5 19. cxb5 axb5 20. Nxb5 Nxb5 21. Bxb5 Qc7 22. Qc2 f5 23. Nd2 Ba6 24. Qc4 Bxb5 25. axb5 Qa5 26. Nb3 Qa2 27. Qc2 Rxb5 28. exf5 Be5 29. fxg6 hxg6 30. Qxg6+ Ng7 31. Qc2 Rxb3 32. Qg6 Bxb2+ 33. Kd1 Rxf2 34. Qe6+ 0-1

[Event "Winnipeg TNT June op"]
[Site "Winnipeg CAN"]
[Date "2008.06.24"]
[Round "4"]
[White "Gibson, Fred"]
[Black "Letain, Cory"]
[Result "1/2-1/2"]
[WhiteElo "1325"]
[BlackElo "1502"]
[PlyCount "110"]
[GameId "2160767910354496"]
[EventDate "2008.06.03"]
[EventType "swiss"]
[EventRounds "4"]
[EventCountry "CAN"]
[SourceTitle "EXT 2011"]
[Source "ChessBase"]
[SourceDate "2011.11.26"]
[SourceVersion "1"]
[SourceVersionDate "2011.11.26"]
[SourceQuality "1"]

1. e4 e5 2. Nf3 Nf6 3. d3 Bc5 4. h3 Nc6 5. c3 O-O 6. Be2 h6 7. Nbd2 d5 8. O-O Be6 9. Nxe5 Bxf2+ 10. Rxf2 Nxe5 11. Nf3 Nxf3+ 12. Bxf3 dxe4 13. Be2 exd3 14. Bf3 c6 15. Be3 Rc8 16. Rd2 Qc7 17. Rxd3 Rfd8 18. Rxd8+ Rxd8 19. Qe2 Nd5 20. Rd1 Nxe3 21. Rxd8+ Qxd8 22. Qxe3 Qa5 23. Qf4 Qc5+ 24. Kh1 b5 25. b3 a5 26. b4 axb4 27. Qxb4 Qxb4 28. cxb4 Bd5 29. Bxd5 cxd5 30. Kg1 Kf8 31. Kf2 Ke7 32. Ke3 Kd6 33. Kf4 g5+ 34. Kf5 h5 35. a3 h4 36. Kxg5 Ke5 37. Kxh4 Ke4 38. Kg3 Ke3 39. h4 d4 40. h5 d3 41. h6 d2 42. h7 d1=Q 43. h8=Q Qd6+ 44. Kh3 f6 45. Qh6+ Kd4 46. g4 Qe5 47. Qd2+ Kc4 48. Qc2+ Qc3+ 49. Qxc3+ Kxc3 50. Kg3 Kb3 51. Kf4 Kxa3 52. Kf5 Kxb4 53. Kxf6 Kc3 54. g5 b4 55. g6 b3 1/2-1/2

[Event "Winnipeg TNT June op"]
[Site "Winnipeg CAN"]
[Date "2008.06.24"]
[Round "4"]
[White "Green, Aaron"]
[Black "Klokow, John"]
[Result "1/2-1/2"]
[WhiteElo "1676"]
[BlackElo "1760"]
[PlyCount "70"]
[GameId "2160767910354497"]
[EventDate "2008.06.03"]
[EventType "swiss"]
[EventRounds "4"]
[EventCountry "CAN"]
[SourceTitle "EXT 2011"]
[Source "ChessBase"]
[SourceDate "2011.11.26"]
[SourceVersion "1"]
[SourceVersionDate "2011.11.26"]
[SourceQuality "1"]

1. e4 e5 2. Nf3 Nc6 3. Bb5 Nf6 4. O-O Nxe4 5. Re1 Nd6 6. Bxc6 dxc6 7. Nxe5 Be7 8. Nc3 O-O 9. d3 Be6 10. Bf4 Nf5 11. Qd2 h6 12. Ng6 Re8 13. Nxe7+ Rxe7 14. Ne4 b6 15. c3 Qd7 16. b3 Rd8 17. Rad1 a5 18. Ng3 c5 19. Nh5 Qc6 20. f3 Red7 21. Be5 Rxd3 22. Qxd3 Rxd3 23. Rxd3 c4 24. Rd8+ Kh7 25. bxc4 Qxc4 26. Rd2 a4 27. Re4 Qc5+ 28. Kh1 Qa3 29. Re1 c6 30. Nf4 Bc4 31. g3 Qc5 32. Re4 b5 33. Re1 Qe7 34. Re4 Qa3 35. Re1 Qe7 1/2-1/2